| 000 | 00584cam a2200181 4500500 | ||
|---|---|---|---|
| 005 | 20260405002001.0 | ||
| 041 | _afre | ||
| 042 | _adc | ||
| 100 | 1 | 0 |
_aPersonne, Thomas _eauthor |
| 245 | 0 | 0 | _aLa philosophie ne fait pas le bonheur… et c’est tant mieux ! |
| 260 | _c2015. | ||
| 500 | _a5 | ||
| 690 | _aBonheur | ||
| 690 | _aCatherine Portevin | ||
| 690 | _aRoger-Pol Droit | ||
| 786 | 0 | _nPhilosophie magazine | 88 | 4 | 2015-04-01 | p. 57-57 | 1951-1787 | |
| 856 | 4 | 1 | _uhttps://shs.cairn.info/magazine-philosophie-magazine-2015-4-page-57?lang=fr&redirect-ssocas=7080 |
| 999 |
_c2053001 _d2053001 |
||